000 00446nam a2200181Ia 4500
008 100917s9999 xx 000 0 und d
082 _b46490
100 _aJuliet Smith
245 _aEscape Form Meerut
260 _bSt. Jame's Place
_c1971
300 _a192
365 _b0
520 _aबालविभाग
630 _aEscape Form Meerut
650 _aबालविभाग
730 _aEscape Form Meerut
942 _cBOOK
999 _c651884
_d651881